| 000 | 00424nam a22001697a 4500 | ||
|---|---|---|---|
| 003 | OSt | ||
| 005 | 20260128074357.0 | ||
| 008 | 260128b |||||||| |||| 00| 0 eng d | ||
| 020 | _a978-0-385-73716-6 | ||
| 040 |
_aDWCL-Main Lib _cOC |
||
| 082 | _aFic. L921m 2004 | ||
| 100 | _aLowry, Lois | ||
| 245 | _aMessenger | ||
| 260 |
_aNew York : _bBantam Books, _c c2004 |
||
| 300 |
_a169 p. : _c17 cm. |
||
| 942 |
_2ddc _cFIC. _mFic. _n0 |
||
| 999 |
_c7910 _d7910 |
||